书目信息 |
| 题名: |
汉语与汉语作为第二语言教学
|
|
| 作者: | 吕必松 著 | |
| 分册: | ||
| 出版信息: | 北京 北京大学出版社 2007 |
|
| 页数: | 245页 | |
| 开本: | 26cm | |
| 丛书名: | ||
| 单 册: | ||
| 中图分类: | H195.1 | |
| 科图分类: | ||
| 主题词: | 汉语--对外汉语教学--研究 | |
| 电子资源: | ||
| ISBN: | 978-7-301-12601-1 | |
| 000 | 00909nam0 2200229 450 | |
| 001 | 012007087630 | |
| 005 | 20091230084923.06 | |
| 010 | @a978-7-301-12601-1@dCNY28.00 | |
| 100 | @a20071110d2007 em y0chiy0110 ea | |
| 101 | 0 | @achi |
| 102 | @aCN@b110000 | |
| 105 | @ay z 000yy | |
| 106 | @ar | |
| 200 | 1 | @a汉语与汉语作为第二语言教学@9han yu yu han yu zuo wei di er yu yan jiao xue@f吕必松著 |
| 210 | @a北京@c北京大学出版社@d2007 | |
| 215 | @a245页@d26cm | |
| 330 | @a本书在对语言规律、语言学习规律和语言教学规律进行动态的观察和解释的基础上,对汉语作为第二语言教学的总体设计、教材编写、课堂教学和语言测试等教学活动进行了深入的探讨,详细介绍了语音、汉字、语汇、语法等语言要素教学以及言语技能和言语交际技能训练的具体内容和方法。 | |
| 606 | 0 | @a汉语@x对外汉语教学@x研究 |
| 690 | @aH195.1@v4 | |
| 701 | 0 | @a吕必松@9lu^ bi song@4著 |
| 801 | 0 | @aCN@bRENTIAN@c20091230 |
| 905 | @b20798530-34@dH195.1@e300@f5 | |
| 汉语与汉语作为第二语言教学/吕必松著.-北京:北京大学出版社,2007 |
| 245页;26cm |
| ISBN 978-7-301-12601-1:CNY28.00 |
| 本书在对语言规律、语言学习规律和语言教学规律进行动态的观察和解释的基础上,对汉语作为第二语言教学的总体设计、教材编写、课堂教学和语言测试等教学活动进行了深入的探讨,详细介绍了语音、汉字、语汇、语法等语言要素教学以及言语技能和言语交际技能训练的具体内容和方法。 |
| ● |
| 相关链接 |
|
|
|
|
正题名:汉语与汉语作为第二语言教学
索取号:H195.1/300
 
预约/预借
| 序号 | 登录号 | 条形码 | 馆藏地/架位号 | 状态 | 备注 |
| 1 | 798530 | 207985304 | 第二样本阅览室/ [索取号:H195.1/300] | 在馆 | |
| 2 | 798531 | 207985313 | 第四借阅区/ [索取号:H195.1/300] | 在馆 | |
| 3 | 798532 | 207985322 | 第四借阅区/ [索取号:H195.1/300] | 在馆 | |
| 4 | 798533 | 207985331 | 第四借阅区/ [索取号:H195.1/300] | 在馆 | |
| 5 | 798534 | 207985340 | 第四借阅区/ [索取号:H195.1/300] | 在馆 |